| 000 | 00988nam a22003017a 4500 | ||
|---|---|---|---|
| 003 | CHAP | ||
| 005 | 20220329134141.0 | ||
| 008 | 971013s1957 r 00010 d | ||
| 010 | _a16188 | ||
| 011 | _a17160 | ||
| 035 | _a21243 | ||
| 040 | _cCHAP | ||
| 082 |
_a631.45 _bG88Y |
||
| 100 | 0 | 0 |
_aGustafson, Axel Ferdinand. _951577 |
| 245 | _aConservación del suelos (Conservation of the soil) | ||
| 260 |
_aMéxico, D.F., : _bEd. Continental, _c1957 |
||
| 300 |
_a329 p,. _b: ilus |
||
| 590 |
_aBATCH-UPD _b10 _c20130110 _lUCH01 _h2005 |
||
| 590 |
_aBATCH-UPD _b10 _c20130410 _lUCH01 _h1325 |
||
| 590 |
_aBATCH-UPD _b10 _c20130914 _lUCH01 _h1315 |
||
| 590 |
_aCONVERSION _b10 _c20130109 _lUCH01 _h1310 |
||
| 650 | 1 | 4 |
_aErosión. _937335 |
| 650 | 1 | 4 |
_aSuelos _xConservación. _9110283 |
| 901 | _aBK | ||
| 942 | _cLIBRO | ||
| 949 |
_a631.45 G88Y _bBC _cLIBRO _d33724000072849 _eLIBRO _h21374 _i21243 _si _t45.00 |
||
| 949 |
_a631.45 G88Y _bBC _cLIBRO _d33724000072856 _eLIBRO _fc.2 _h39627 _i21243 _si _t45.00 |
||
| 999 |
_c16188 _d16188 |
||